| 000 | 00689nam a2200241Ia 4500 | ||
|---|---|---|---|
| 003 | OSt | ||
| 005 | 20220928113556.0 | ||
| 006 | a|||||r|||| 00| 0 | ||
| 007 | ta | ||
| 008 | 220927b |||||||| |||| 00| 0 eng d | ||
| 024 | _a40299 | ||
| 037 | _cTextual | ||
| 040 |
_aSDCL _cSDCL _beng |
||
| 041 |
_2eng _aeng |
||
| 082 | _aV2:28'N7, L8 | ||
| 100 |
_aPanandiker V A Pai _9433920 |
||
| 245 | 0 | _aBureaucracy and development administration | |
| 260 |
_aNew Delhi _bCentre for Policy Research _c1978 |
||
| 300 |
_avii,208p _ccm. |
||
| 700 |
_a Kahirsagar S S _9433921 |
||
| 942 |
_hV2:28'N7, L8 _cTEXL _2CC |
||
| 999 |
_c750321 _d750321 |
||